000
00277nam a2200109Ia 4500
008
201223s9999 xx 000 0 und d
100
_a
Desai, W.S. (Ed.)
245
0
_a
Bombay & the Marathas up to 1774
260
_a
New Delhi
_b
Munshiram Manoharlal
300
_a
248
942
_c
BK
999
_c
8520
_d
8520